000 00857cam a2200265 a 4500
001 177
003 BR-CuiBMT
005 20231121201922.0
008 230824s2021 mgb 000 0 por d
020 _a9786555181883
040 _aBR-CuiBMT
_cBR-CuiBMT
080 _22007
_a347.727
090 _a347.727
_bL695
245 1 0 _aLiberdade de expressão e relações privadas /
_cMarcos Ehrhardt Júnior, Fabíola Albuquerque Lobo, Gustavo Andrade, coordenadores.
260 _aBelo Horizonte :
_bFórum,
_c2021.
300 _a582 p. ;
_c22 cm
504 _aInclui bibliografia.
650 _aDireito constitucional
650 _aDireito civil
650 _aLiberdade de expressão
700 1 _aEhrhardt Júnior, Marcos
_4coord.
700 1 _aLobo, Fabíola Albuquerque
_4coord.
700 1 _aAndrade, Gustavo Henrique Baptista
_4coord.
942 _2udc
_cLV
999 _c177
_d177